000 01290nam0a22002771 4500
001 rc\4649905
005 20260406214333.0
021 _aRU
_b[67-51217]
035 _a(NLR Aleph) 008690817
090 _a9237633
_c9237633
100 _a20130416d1967 |||y0rusy50 ca
101 0 _arus
102 _aRU
105 _aa z |||||
200 1 _aВсесоюзное минералогическое общество и его роль в развитии геологических наук
_eК 150-летию со дня основания. (1817-1967)
_f[АН СССР. Всесоюз. минерал. о-во]
210 _aЛенинград
_cНаука. Ленингр. отд-ние
_d1967
215 _a232 с., 15 л. ил.
_cил.
_d22
320 _aПериод. изд. Минерал. о-ва и Указатели статей к ним: с. 219-220
606 _aМинералогические общества СССР
_xИстория
_2psbo
700 1 _aСоловьев
_bС.П.
_f1900-
_gСергей Павлович
712 0 2 _aВсесоюзное минералогическое общество
_cЛенинград
_3RU\NLR\AUTH\889972101
_9440679
801 0 _aRU
_bNLR
_gpsbo
801 1 _aRU
_bELAR
_2rusmarc
852 _aNLR
_j67-5/2867
942 _cBOOK
980 _aNB